| 000 | 00768nam a22002411a 4500 | ||
|---|---|---|---|
| 999 |
_c3584 _d3584 |
||
| 003 | ALUPE UNIVERSITY COLLEGE | ||
| 005 | 20220124125659.0 | ||
| 008 | 500101s1984 enkabk 001 0 eng d | ||
| 020 | _a0340265647 | ||
| 024 | 2 | _b4084619 | |
| 040 | _cALUPE UNIVERSITY COLLEGE | ||
| 049 |
_aCU _lb |
||
| 050 | 0 |
_aRC440 _b.D32 1984 |
|
| 092 | _aD0501901624 | ||
| 100 | 1 | _aDarcy, P. T. | |
| 245 | 1 | 0 |
_aTheory and practice of psychiatric care / _cP.T. Darcy ; foreword by J.J. Gormley |
| 260 |
_aLondon : _bHodder and Stoughton, _c1984 |
||
| 300 |
_avi, 298 p : _bill, 1 map, 1 form ; _c22 cm |
||
| 504 | _aBibliography: p286-289. - Includes index | ||
| 650 | 0 | _aPsychiatric nursing | |
| 942 |
_2lcc _cBK _nPW |
||